| 000 | 01019cam a22002054a 4500 | ||
|---|---|---|---|
| 005 | 20250605164117.0 | ||
| 008 | 250528s ||||||||||||||||||||||||d | ||
| 035 | _a18114 | ||
| 020 | _a1565295315 | ||
| 040 |
_aGR-AtMCL _bgre _dGR-AtMCL _eAACR2 |
||
| 245 | 1 | _aExcel 5 για Windows Βημα Προς Βημα / 1η Αμερικάνικη Έκδοση, 1993 | |
| 260 |
_bΓκιούρδας Εκδοτική, _c1993 |
||
| 300 | _a338 | ||
| 520 | _aΒασιστείτε στο Excel 5 για Windows Βήμα προς Βήμα για να γίνετε γρήγορα παραγωγικοί χρήστες του καλύτερου προγράμματος φύλλων εργασίας. Εισαγωγή, Γνωρίζοντας το Excel, Διαγράμματα, Δουλεύοντας με Δεδομένα, Προχωρημένες Δυνατότητες του Excel, Ευρετήριο. | ||
| 700 | 1 |
_aKenney Cathy _94405 |
|
| 700 | 1 |
_aMcvey Sharel _94406 |
|
| 942 | _cBK | ||
| 999 |
_c3498 _d3498 |
||